Agatha Christie's And Then There Were None - Statistics

General Stats
  • This quiz has been taken 24 times
  • The average score is 8 of 10
Answer Stats
Hint Answer % Correct
... a bumblebee stung one and then there were five Emily Caroline Brent
91%
... he went out and hanged himself and then there were none Vera Elizabeth Claythorne
91%
... one got in Chancery and then there were four Lawrence John Wargrave
86%
... one overslept himself and then there were eight Ethel Rogers
82%
... one chopped himself in halves and then there were six Thomas Rogers
82%
... a big bear hugged one and then there were two William Henry Blore
82%
... one said he'd stay there and then there were seven John Gordon MacArthur
77%
... a red herring swallowed one and then there were three Edward George Armstrong
73%
... one got frizzled up and then there was one Philip Lombard
73%
... one choked his little self and then there were nine Anthony James Marston
64%
No matching quizzes found
Score Distribution
Percent of People with Each Score
Percentile by Number Answered
Your Score History
You have not taken this quiz